Upside Down Magic Night Owl/ (Record no. 208058)
[ view plain ]
| 000 -LEADER | |
|---|---|
| fixed length control field | 00604nam a22002057a 4500 |
| 005 - DATE AND TIME OF LATEST TRANSACTION | |
| control field | 20250106120423.0 |
| 010 ## - LCCN (DPL NO) | |
| LC control number | B-761556 |
| 020 ## - INTERNATIONAL STANDARD BOOK NUMBER | |
| International Standard Book Number | 9789390590421 |
| Terms of availability | 350.00 |
| 035 ## - SYSTEM CONTROL NUMBER | |
| System control number | B-761556 |
| 037 ## - SOURCE OF ACQUISITION | |
| Source of stock number/acquisition | Gift |
| 082 ## - DEWEY DECIMAL CLASSIFICATION NUMBER | |
| Classification number | S |
| 100 ## - MAIN ENTRY--PERSONAL NAME | |
| Personal name | Mlynowski, Sarah |
| 245 ## - TITLE STATEMENT | |
| Title | Upside Down Magic Night Owl/ |
| Statement of responsibility, etc | Sarah Mlynowski , Lauren Myracle and Emily Jenkins |
| 260 ## - PUBLICATION, DISTRIBUTION, ETC. (IMPRINT) | |
| Name of publisher, distributor, etc | Scholastic Press |
| Place of publication, distribution, etc | New York |
| 300 ## - PHYSICAL DESCRIPTION | |
| Extent | 166p. |
| Dimensions | 21cm(Pb) |
| 700 ## - ADDED ENTRY--PERSONAL NAME | |
| Personal name | Myracle , Lauren |
| 9 (RLIN) | 75865 |
| 700 ## - ADDED ENTRY--PERSONAL NAME | |
| Personal name | Jenkins, Emily |
| 9 (RLIN) | 75866 |
| 942 ## - ADDED ENTRY ELEMENTS (KOHA) | |
| Source of classification or shelving scheme | Dewey Decimal Classification |
| Item type | English Books |
| Call number suffix | MLY |
| Classification part | S |
| Withdrawn status | Lost status | Not for loan | Collection code | Home library | Current library | Date acquired | Source of acquisition | Cost, normal purchase price | Full call number | Barcode | Copy number | Cost, replacement price | Koha item type | Public note |
|---|---|---|---|---|---|---|---|---|---|---|---|---|---|---|
| Fiction | Central Library | Central Library | 06/01/2025 | Gift/19.12.24 | 350.00 | MLY S | B-761556 | 1 | 350.00 | English Books | Gift |
